Responses for Show #3598 - Wednesday, April 5, 2000

Contestants

[<< previous game]

Russell Walks, a customer service representative from Billings, Montana

Bernadette Hanson, a print production manager from Putnam Valley, New York

Saran Fox, a writer and story editor from Los Angeles, California (whose 1-day cash winnings total $7,601)

[next game >>]

Jeopardy! Round responses

PRESIDENTIAL QUOTES
TRANSPORTATION SLANG
4-LETTER MAGAZINES
FOOD & DRINK
HIGHWAY 61 REVISITED
BOB DYLAN
    $100 18
Slavery

Saran
    $100 10
Convertible

Bernadette
    $100 5
Time & Life

Russell
    $100 12
Peas

Saran
    $100 23
Burma Shave

Bernadette
    $100 1
Dharma & Greg

Bernadette
    $200 19
Bill Clinton

Saran
    $200 11
(R: What is a boat?)

Tub

SaranRussell
    $200 6
Elle

Bernadette
    $200 13
Alpha-Bits

Russell
    $200 24
Lake Superior

Bernadette
    $200 2
Grammy Awards

Saran
    $300 20
(R: Who was Franklin Roosevelt?)

Harry S. Truman

BernadetteRussell
    $300 17
Big rig

Saran
    $300 7
Talk

Bernadette
    $300 14
Busch

Russell
    $300 25
(with a minute to go...)

Jim Henson

Saran
    $300 3
Rubin "Hurricane" Carter

Bernadette
    $400 21
Boston Tea Party

Triple Stumper
    $400 29
Refrigerator car

Triple Stumper
    $400 8
Vibe

Bernadette
    $400 15
(Alex: Yeah, but it's something to look forward to; I'll have crunchy Spam!)

Crunchy

Russell
    $400 26
Jimmy Swaggart

Russell
    $400 4
The Band

Russell
    $500 22
Theodore Roosevelt

Saran
    $1,000 30
(R: What is a milk truck?)

Helicopter

Russell
    $500 9
Self

Russell
    $500 27
Spinach

Saran
    $500 28
Mississippi

Russell
    $500 16
Midnight Cowboy

Saran

Scores at the first commercial break (after clue 15):

Saran Bernadette Russell
$500 $1,400 $1,700

Scores at the end of the Jeopardy! Round:

Saran Bernadette Russell
$2,900 $2,000 $1,300

Double Jeopardy! Round responses

RECONSTRUCTION
BUSINESS & INDUSTRY
18th CENTURY THEATER
NATIONAL NAMES
(Alex: We'll give you the name in the local language, you give us the English version.)
BEING JOHN MALKOVICH FILMS
NEWSPEAK
    $200 15
(R: What is Nashville?)
(S: What is Tallahassee?)
(B: What is Knoxville?)

Memphis

SaranBernadetteRussell
Triple Stumper
    $200 11
Palmolive

Saran
    $200 19
Confucius

Russell
    $200 16
Ukraine

Bernadette
    $200 1
Dr. Jekyll

Russell
    $200 6
Channel surfing

Russell
    $400 24
(B: What is the completion of the railroad?)

Centennial

SaranBernadette
    $400 12
Yogurt

Saran
    $400 20
Henry Fielding

Saran
    $400 17
Ireland

Saran
    $400 2
Dangerous Liaisons

Russell
    $400 7
Computer

Russell
    $600 25
Carpetbagger

Russell
    $600 13
(B: Who are the Hunts?)

King Ranch

SaranBernadette
    $600 21
(minute to go...)

Scandal

Saran
    $600 18
(B: What is Denmark?)

Austria

Bernadette
Triple Stumper
    $1,000 3
Of Mice and Men

Russell
    $600 8
Humvee

Russell
    $800 26
the 14th Amendment

Saran
    $800 14
Pat Boone

Russell
    $800 22
Sturm und Drang

Triple Stumper
    $800 4
In the Line of Fire

Triple Stumper
    $800 9
Three-peat

Russell
    $1000 27
(Saran: What is Secretary of State?)
[The end-of-round signal sounds.]

Secretary of War

Saran
Triple Stumper
    $1000 23
(R: Who is Sarah Miles?)
(B: Who is Sarah Bernhardt?)

Sarah Siddons

BernadetteRussell
Triple Stumper
    $1000 5
John Cusack

Russell
    $1000 10
Meals ready to eat

Russell

Scores at the end of the Double Jeopardy! Round:

Saran Bernadette Russell
$5,500 -$600 $7,300

[wagering suggestions for these scores]

Final Jeopardy! Round responses

EUROPEAN AUTHORS
SaranWho is Kafka?
$5,500
RussellWho was Kafka?
$3,701
Franz Kafka (Kafkaesque)

Final scores:

Saran Bernadette Russell
$11,000 -$600 $11,001
2nd place: Trip to Outrigger Hotel, Waikiki Beach, Hawaii 3rd place: $1,000 Shopping Spree courtesy of Sony Card New champion: $11,001

Game dynamics:

Coryat scores:

Saran Bernadette Russell
$5,500 -$600 $7,900
18 R,
2 W
10 R,
5 W
20 R
(including 1 DD),
5 W
(including 1 DD)

Combined Coryat: $12,800

[game clues] [game scores] [suggest correction]

Game tape date: 2000-02-01
The J! Archive is created by fans, for fans. Scraping, republication, monetization, and malicious use prohibited; this site may use cookies and collect identifying information. See terms. The Jeopardy! game show and all elements thereof, including but not limited to copyright and trademark thereto, are the property of Jeopardy Productions, Inc. and are protected under law. This website is not affiliated with, sponsored by, or operated by Jeopardy Productions, Inc. Join the discussion at JBoard.tv.